Premio a la investigación e innovación educativa y pedagógica 2009.

Gardado en:
Detalles Bibliográficos
Autor Corporativo: Instituto para la Investigación Educativa y Desarrollo Pedagógico, IDEP
Formato: Libro
Idioma:English
Publicado: Bogotá: Instituto para la investigación educativa y el desarrollo pedagógico- IDEP, 2010.
Series:Investigación e innovación
Subjects:
Acceso en liña:Para consultar en texto completo haga clic aquí
Tags: Engadir etiqueta
Sen Etiquetas, Sexa o primeiro en etiquetar este rexistro!

MARC

LEADER 00000nam a22000007a 4500
003 OSt
005 20251026064430.0
008 160502b xxu||||| |||| 00| 0 eng d
020 |a 9789588066691 
040 |c CO-BoIIE 
082 |a 370.7  |b P92 
245 1 0 |a Premio a la investigación e innovación educativa y pedagógica 2009.  |c Varios Autores 
260 |a Bogotá:  |b Instituto para la investigación educativa y el desarrollo pedagógico- IDEP,  |c 2010. 
300 |a 217 p.  |b il. 
490 |a Investigación e innovación 
500 |a Los programas y proyectos que conforman la estrategia de calidad y pertinencia en el plan Sectorial de Educación están provocando un prometedor despertar de la investigación y la innovación de los maestros en los colegios. Programas como la organización escolar por ciclos, el uso pedagógico de las tecnologías de la información y la comunicación, la articulación de la educación media con la educación superior, la atención pedagógica a las poblaciones con necesidades educativas especiales, leer y escribir correctamente y la intensificación de la enseñanza del inglés, entre otros, han estimulado el inicio del desarrollo de proyectos de investigación realizados por grupos de maestros, la mayoría de los cuales desarrollan su labor en sus propios colegios. Así lo constatan los trabajos galardonados en esta tercera versión del premio.  
504 |a Incluye bibliografía 
610 1 0 |a Instituto para la Investigación Educativa y el Desarrollo Pedagógico IDEP  |x Investigaciones  |y 2009  |z Colombia- Bogotá  |9 2141 
650 1 0 |a Investigación educativa.  |y 2009  |z Colombia- Bogotá  |9 2142 
710 2 |a Instituto para la Investigación Educativa y Desarrollo Pedagógico, IDEP  |9 17 
856 |u http://biblioteca.idep.edu.co/libros/Premio_2009.pdf  |y Para consultar en texto completo haga clic aquí 
942 |2 ddc  |c BK 
999 |c 4430  |d 4430